|
|
|
|
| LEADER |
00733nam a2200205Ia 4500 |
| 001 |
CTU_180867 |
| 008 |
210402s9999 xx 000 0 und d |
| 020 |
|
|
|c 115000
|
| 082 |
|
|
|a 646.7
|
| 082 |
|
|
|b S429
|
| 100 |
|
|
|a Scott, Steve
|
| 245 |
|
0 |
|a Những bước đơn giản đến ước mơ :
|
| 245 |
|
0 |
|b 15 bí quyết hiệu nghiệm của những người thành công nhất thế giới
|
| 245 |
|
0 |
|c Steven K. Scott; Trần Đăng Khoa, Uông Xuân Vy (dịch)
|
| 260 |
|
|
|a Hà Nội
|
| 260 |
|
|
|b Phụ Nữ
|
| 260 |
|
|
|c 2012
|
| 650 |
|
|
|a Life skills,Successful people,Kỹ năng sống
|
| 910 |
|
|
|a Nguyên
|
| 980 |
|
|
|a Trung tâm Học liệu Trường Đại học Cần Thơ
|